Azad hind: (Record no. 1848597)

MARC details
000 -LEADER
fixed length control field 00948nam a22002777a 4500
005 - DATE AND TIME OF LATEST TRANSACTION
control field 20260428153330.0
008 - FIXED-LENGTH DATA ELEMENTS--GENERAL INFORMATION
fixed length control field 260428b |||||||| |||| 00| 0 eng d
020 ## - INTERNATIONAL STANDARD BOOK NUMBER
International Standard Book Number 9789354420337 (pbk)
037 ## - SOURCE OF ACQUISITION
Terms of availability REF
040 ## - CATALOGING SOURCE
Original cataloging agency CRL
Transcribing agency CRL
041 ## - LANGUAGE CODE
Source of code eng
Language code of text/sound track or separate title eng
084 ## - COLON CLASSIFICATION NUMBER
Classification number V2y7M97x P2 (RR)
Assigning agency CRL
100 ## - MAIN ENTRY--PERSONAL NAME
Personal name Bose, Subhas Chandra
245 ## - TITLE STATEMENT
Title Azad hind:
Remainder of title writings and speeches 1941- 1943
260 ## - PUBLICATION, DISTRIBUTION, ETC.
Place of publication, distribution, etc. Hyderabad, India:
Name of publisher, distributor, etc. Orient Blackswan Private Limited,
Date of publication, distribution, etc. 2002.
300 ## - PHYSICAL DESCRIPTION
Extent xi, 204p.
365 ## - TRADE PRICE
Price type code 395.00
Price amount INR
490 ## - SERIES STATEMENT
Series statement Netaji collected works
Volume/sequential designation Vol. 11
650 ## - SUBJECT ADDED ENTRY--TOPICAL TERM
Topical term or geographic name entry element History
650 ## - SUBJECT ADDED ENTRY--TOPICAL TERM
Topical term or geographic name entry element Azad Hind
9 (RLIN) 1235884
650 ## - SUBJECT ADDED ENTRY--TOPICAL TERM
Topical term or geographic name entry element Subhas Chandra Bose
9 (RLIN) 1235885
700 ## - ADDED ENTRY--PERSONAL NAME
Personal name Bose, Sisir K.
Relator term editor.
9 (RLIN) 1235886
700 ## - ADDED ENTRY--PERSONAL NAME
Personal name Bose, Sugata
Relator term editor.
942 ## - ADDED ENTRY ELEMENTS (KOHA)
Source of classification or shelving scheme Colon Classification (CC)
Koha item type Reference
Classification part V2y7M97x P2 (RR)
Suppress in OPAC No
Holdings
Withdrawn status Lost status Source of classification or shelving scheme Damaged status Not for loan Home library Current library Date acquired Source of acquisition Cost, normal purchase price Inventory number Total Checkouts Full call number Barcode Date last seen Price effective from Koha item type
    Colon Classification (CC)     Central Library Central Library 2026-04-28 Orient Blackswan Private Limited 395.00 000906 & 2026-03-23   V2y7M97x P2 CL1926688 2026-04-28 2026-04-28 Reference
Copyright @ Delhi University Library System